000 00762nam a2200253Ia 4500
003 OSt
005 20220923211142.0
006 a|||||r|||| 00| 0
007 ta
008 220922b |||||||| |||| 00| 0 hin d
020 _a8186339302 (hbk)
024 _a175,664
037 _cTextual
040 _aARTS
_cARTS
_bhin
041 _2hin
_ahin
082 _aP,7, 152N6 (SC)
100 _aटण्डन, नीरजा
_9156290
245 0 _aशैली विज्ञान
246 _aShailī vijnyāna
260 _aदिल्ली
_b ईस्टन बुक लिंकर्स
_c1996
300 _a171 पृ.
_ccm.
942 _hP,7, 152N6 (SC)
_cTEXL
_2CC
999 _c295999
_d295999